| 000 | 00494nam a2200181Ia 4500 | ||
|---|---|---|---|
| 005 | 20250508160141.0 | ||
| 008 | 008 250505s9999 xx 000 0 eng d | ||
| 037 | _aTextual | ||
| 040 |
_aFEDL _beng _cFEDL |
||
| 041 |
_aeng _2eng |
||
| 084 |
_a149.3, BHA _qFEDL |
||
| 100 |
_aBhatia Kamala _9586467 |
||
| 245 | 0 | _aMysticism of thoreau and its affinity with Indian thought | |
| 300 | _a38p | ||
| 650 | _aPhilosophy | ||
| 942 |
_cTEXL _h149.3, BHA |
||
| 999 |
_c1362228 _d1362228 |
||